| 000 | 01174nam a2200325 i 4500 | ||
|---|---|---|---|
| 003 | EG-GICUC | ||
| 005 | 20260428190120.0 | ||
| 008 | 260428s1982 ua ||||fr||| 00| 0 aaradd | ||
| 040 |
_a EG-GICUC _bara _c EG-GICUC _d EG-GICUC _erda |
||
| 041 | _aara | ||
| 082 | 0 | 4 |
_221 _a343.6 _bع ب . ع |
| 092 | 0 | 4 | _221 |
| 099 | _aLaw1 10 343.6 ع ب . ع 1982 | ||
| 100 | 0 |
_aعبدالرحيم صدقي _eمؤلف. |
|
| 245 | 1 | 0 |
_aعلمي الاجرام والعقاب / _cتأليف دكتور عبدالرحيم صدقي. |
| 250 | _bطبعة مزيدة ومنقحة | ||
| 264 | 1 |
_a[مكان النشر غير محدد] : _b[الناشر غير محدد], _c[1982]. |
|
| 300 |
_a290 صفحة ; _c24 سم. |
||
| 336 |
_2rda content _atext |
||
| 337 |
_2rda media _aComputer |
||
| 338 |
_2rda carrier _aOnline Resource |
||
| 504 | _aيحتوي على ارجاعات ببليوجرافية. | ||
| 546 | _aالنص باللغة العربية | ||
| 650 | 1 | 4 | _aالقانون الجنائي |
| 650 | 1 | 4 | _aعلم الإجرام |
| 650 | 1 | 4 | _aعلم العقاب |
| 856 | 4 | 0 | _uhttps://fll.law.cu.edu.eg/fulltext/bks/B10-09097.pdf |
| 905 | _a43 | ||
| 942 |
_2ddc _cBK _e21 _n0 |
||
| 999 |
_c73946 _d73946 |
||